000
00217 a2200097 4500
001
48713
100
_a
Atta-ul-Haq Qasmi
245
_a
Goro kay Das may
260
_a
London
_b
Maqbool academy
_c
090
_c
31626
_d
31626
942
_a
NUST-CAE
_c
M
_c
24032
999
_c
283786
_d
283786